00603nam a22002297a 4500003000500000005001700005008004100022010001000063011001000073035001000083040000900093082001200102100002200114245002600136260004400162300002200206490003900228650002900267650001800296650002000314830003900334CHAP20220329135521.0971013s1978 r 00010 d a37912 a38884 a43004 cCHAP a532bM500aMiller, Donald S. aInternal flow systems a(s.l.) :bBHRA Fluid Engineering,c1978 a290 p.b; gráfs aBHRA fluid engineering seriesv; 514aDinámica de fluídos.14aHidráulica.14aRedes de flujo.0 aBHRA fluid engineering seriesv; 5